[Event "9. Int. Bavarian Open"]
[Site "Bad Wiessee"]
[Date "2005.11.06"]
[Round "9"]
[White "Albrecht, Rainer"]
[Black "Kabisch, Thilo"]
[Result "0-1"]
[WhiteElo "2236"]
[BlackElo "2330"]
[PlyCount "60"]
[EventDate "2005.??.??"]

1. d4 Nf6 2. c4 g6 3. Nc3 Bg7 4. e4 d6 5. Nge2 O-O 6. Ng3 c5 7. d5 a6 8. a4 e6
9. Be2 exd5 10. exd5 Ne8 11. h4 h6 12. Be3 f5 13. Qd2 Kh7 14. Nf1 Nd7 15. f4 h5
16. g3 Ndf6 17. O-O-O Bd7 18. Nh2 Qa5 19. Kb1 b5 20. Ne4 Qxa4 21. Ng5+ Kg8 22.
Qc2 bxc4 23. Bxc4 Nc7 24. Ne6 Qxc2+ 25. Kxc2 Bxe6 26. dxe6 d5 27. Ba2 c4 28.
Bd4 Rfe8 29. Be5 Rac8 30. b3 Ne4 0-1

[Event "9. Int. Bavarian Open"]
[Site "Bad Wiessee"]
[Date "2005.11.06"]
[Round "9"]
[White "Vrban, Mladen"]
[Black "Rheinwalt, Tobias"]
[Result "1-0"]
[WhiteElo "2319"]
[BlackElo "2230"]
[PlyCount "67"]
[EventDate "2005.??.??"]

1. Nf3 f5 2. b3 Nf6 3. Bb2 e6 4. c4 Be7 5. e3 O-O 6. Be2 d6 7. d4 Qe8 8. Nc3
Bd8 9. Qc2 e5 10. dxe5 dxe5 11. Nd5 c6 12. Nxf6+ Bxf6 13. Rd1 c5 14. Nd2 Nc6
15. a3 e4 16. Bc1 Qg6 17. O-O Be5 18. f4 exf3 19. Nxf3 Bc7 20. Rd5 Be6 21. Rxc5
Bd6 22. Rb5 Rf7 23. e4 a6 24. Rd5 Bxd5 25. cxd5 Ne7 26. e5 Rc8 27. Qd1 Bc5+ 28.
Kh1 f4 29. d6 Nf5 30. Bxf4 Be3 31. e6 Qxe6 32. Ng5 Qh6 33. d7 Rd8 34. Nxf7 1-0

[Event "9. Int. Bavarian Open"]
[Site "Bad Wiessee"]
[Date "2005.11.06"]
[Round "9"]
[White "Krahe, Frank Dr"]
[Black "Schütte, Manfred"]
[Result "1/2-1/2"]
[WhiteElo "2236"]
[BlackElo "2319"]
[PlyCount "43"]
[EventDate "2005.??.??"]

1. e4 c5 2. Nf3 d6 3. d4 cxd4 4. Nxd4 Nf6 5. Nc3 g6 6. Be2 Bg7 7. Bg5 Nc6 8.
Nb3 O-O 9. O-O Be6 10. f4 Na5 11. f5 Bc4 12. Bd3 Rc8 13. fxg6 hxg6 14. Qe1 Bxd3
15. cxd3 Nxb3 16. axb3 Qb6+ 17. Kh1 Qxb3 18. Bxf6 Bxf6 19. Nd5 Qxb2 20. Rxf6
exf6 21. Ne7+ Kg7 22. Nf5+ 1/2-1/2

[Event "9. Int. Bavarian Open"]
[Site "Bad Wiessee"]
[Date "2005.11.06"]
[Round "9"]
[White "Loskamp, Stefan"]
[Black "Bach, Matthias"]
[Result "1/2-1/2"]
[WhiteElo "2181"]
[BlackElo "2310"]
[PlyCount "47"]
[EventDate "2005.??.??"]

1. e4 c5 2. Nf3 Nf6 3. e5 Nd5 4. Nc3 Nxc3 5. dxc3 Nc6 6. Bc4 Qc7 7. Bf4 e6 8.
Qe2 h6 9. O-O-O b6 10. h4 Bb7 11. h5 O-O-O 12. Rh4 d5 13. exd6 Bxd6 14. Rxd6
Rxd6 15. Rg4 e5 16. Nxe5 Re8 17. Nxf7 Rxe2 18. Nxd6+ Kd8 19. Nf7+ Qxf7 20. Bxf7
Rxf2 21. Bd5 Ne5 22. Bxe5 Bxd5 23. Bxg7 Bxg2 24. Bxh6 1/2-1/2

[Event "9. Int. Bavarian Open"]
[Site "Bad Wiessee"]
[Date "2005.11.06"]
[Round "9"]
[White "Hornung, Hans"]
[Black "Bücker, Stefan"]
[Result "0-1"]
[WhiteElo "2211"]
[BlackElo "2349"]
[PlyCount "80"]
[EventDate "2005.??.??"]

1. Nf3 h6 2. d4 g5 3. e4 Bg7 4. c3 d6 5. Bd3 Nc6 6. O-O e6 7. a4 Nge7 8. Na3
Ng6 9. Re1 O-O 10. Nc4 f5 11. exf5 exf5 12. b4 Qf6 13. Ra2 g4 14. Nfd2 Be6 15.
Rb2 Nf4 16. Bf1 Nd5 17. Nb1 f4 18. b5 Nce7 19. Ncd2 Ng6 20. Ne4 Qf7 21. a5 b6
22. a6 Rae8 23. c4 Nde7 24. d5 Bd7 25. Rb3 Ne5 26. Nbc3 Qg6 27. Kh1 Qh5 28. Kg1
N7g6 29. Na2 Nh4 30. Kh1 Rf5 31. Nb4 Kh8 32. Nc6 Bxc6 33. bxc6 Rg8 34. Ba3 Nhf3
35. gxf3 Nxf3 36. h3 Be5 37. Nxd6 cxd6 38. Rxe5 dxe5 39. d6 Qg5 40. d7 gxh3 0-1

[Event "9. Int. Bavarian Open"]
[Site "Bad Wiessee"]
[Date "2005.11.06"]
[Round "9"]
[White "Stark, Lars"]
[Black "Wenner, Tobias"]
[Result "1-0"]
[WhiteElo "2342"]
[BlackElo "2190"]
[PlyCount "69"]
[EventDate "2005.??.??"]

1. c4 c5 2. g3 g6 3. Bg2 Bg7 4. Nc3 Nc6 5. a3 Nh6 6. e4 d6 7. Nge2 O-O 8. O-O
e5 9. Rb1 a5 10. d3 Be6 11. Nd5 Rb8 12. Nec3 b6 13. b4 Bxd5 14. Nxd5 axb4 15.
axb4 Ne7 16. Nc3 Qd7 17. Bg5 f6 18. Be3 Ra8 19. Qd2 Ng4 20. Bh3 f5 21. Bxg4
fxg4 22. Ra1 h5 23. b5 Qb7 24. Rxa8 Qxa8 25. Qb2 Kh7 26. Ra1 Qb7 27. Qc1 Ra8
28. Bg5 Ng8 29. Rxa8 Qxa8 30. Nd5 Qb8 31. Qa1 Bh6 32. Bxh6 Kxh6 33. Qa6 Qf8 34.
Qxb6 Qf3 35. Ne3 1-0

[Event "9. Int. Bavarian Open"]
[Site "Bad Wiessee"]
[Date "2005.11.06"]
[Round "9"]
[White "Braunschlaeger, Claus"]
[Black "Rau, Jürgen"]
[Result "1-0"]
[WhiteElo "2255"]
[BlackElo "2168"]
[PlyCount "69"]
[EventDate "2005.??.??"]

1. e4 c5 2. c3 d5 3. exd5 Qxd5 4. d4 Nf6 5. Nf3 Bg4 6. dxc5 Qxd1+ 7. Kxd1 Ne4
8. Be3 e6 9. b4 Nc6 10. Kc2 a5 11. Bb5 Bxf3 12. gxf3 Nf6 13. Nd2 Nd5 14. a3
Nxe3+ 15. fxe3 Be7 16. Nc4 axb4 17. axb4 O-O 18. Bxc6 bxc6 19. Rxa8 Rxa8 20.
Na5 Bxc5 21. Nxc6 Bxe3 22. Kb3 g5 23. c4 h5 24. h3 Kg7 25. Re1 Bf2 26. Re2 Bg1
27. Ne5 f5 28. c5 Bd4 29. Nc6 e5 30. Nxd4 exd4 31. c6 Kf6 32. Kc4 d3 33. Kxd3
Ra3+ 34. Kd4 Rxf3 35. c7 1-0